UM Logo

Iot based smart pig waste cleaner using arduino / (Record no. 20392)

MARC details
000 -LEADER
fixed length control field 00706nam a22001817a 4500
005 - DATE AND TIME OF LATEST TRANSACTION
control field 20260415113955.0
008 - FIXED-LENGTH DATA ELEMENTS--GENERAL INFORMATION
fixed length control field 240814b ||||| |||| 00| 0 eng d
082 ## - DEWEY DECIMAL CLASSIFICATION NUMBER
Edition number 2023
Classification number UT
100 ## - MAIN ENTRY--PERSONAL NAME
Personal name Ramillano, Yvon Mae C.
9 (RLIN) 57548
245 ## - TITLE STATEMENT
Title Iot based smart pig waste cleaner using arduino /
Statement of responsibility, etc. Yvon Mae C. Ramillano, MArk Gil S. Cobol, and Christ Stewart Jay A. Taub
260 ## - PUBLICATION, DISTRIBUTION, ETC. (IMPRINT)
Place of publication, distribution, etc. Digos City :
Name of publisher, distributor, etc. UMDC,
Date of publication, distribution, etc. ©July 2023.
300 ## - PHYSICAL DESCRIPTION
Extent x, 53 pages :
Dimensions 30 cm.
Other physical details illustrations (some colors) ;
500 ## - GENERAL NOTE
General note Includes references and appendices.
650 ## - SUBJECT ADDED ENTRY--TOPICAL TERM
Topical term or geographic name as entry element Information Technology.
General subdivision Undergraduate Thesis.
9 (RLIN) 57549
700 ## - ADDED ENTRY--PERSONAL NAME
Personal name Cobol, Mark Gil S.
9 (RLIN) 57550
700 ## - ADDED ENTRY--PERSONAL NAME
Personal name Taub, Christ Stewart Jay A.
9 (RLIN) 57551
942 ## - ADDED ENTRY ELEMENTS (KOHA)
Source of classification or shelving scheme Dewey Decimal Classification
Koha item type Undergraduate Thesis
Holdings
Withdrawn status Lost status Source of classification or shelving scheme Damaged status Not for loan Collection code Home library Current library Date acquired Total Checkouts Full call number Date last seen Price effective from Koha item type
    Dewey Decimal Classification     Undergraduate Theses UM Digos College - LIC UM Digos College - LIC 05/10/2024   UT 08/14/2024 08/14/2024 Undergraduate Thesis